000 00340nam a22001457a 4500
999 _c13601
_d13601
020 _a9781119854289
082 _a658.8
_bSCO
100 _aDavid Meerman Scott
245 _aThe New Rules of marketing & PR
250 _a8th ed.
260 _aHoboken
_bJohn Wiley & Sons
_c2022
300 _a462 Pages
650 _aMarketing
942 _cBK